000 00709cac a2200241 a 4500
003 CO-PeBPM
005 20260406205645.0
007 ta
008 231129s199?||||ck ||||||||||||| ||spa||
020 _a9588237327
040 _aCO-PeBPM
_bspa
_cCO-PeBPM
_erda
041 _aspa
082 0 4 _a181.09512 C748c
_222
100 1 _aConfucio
_eautor
245 0 _aLos cuatro libros de Confucio
_c/ Confucio
260 _c199
264 _aBogotá, Colombia
_b : Ediciones Esquilo
_c, 199?
300 _a253 páginas
_c22 centimetros
500 _aIncluye índice al final del texto
650 1 7 _aConfucianismo
_2LEMB
650 1 7 _aFilosofía china
_2LEMB
942 _2ddc
_cBK
999 _c19586
_d19586